00422nam a2200157Ia 45000010006000000050017000060080041000230410008000640820015000721000030000872450094001172600009002113000028002206500008002486540008002562032120260306172757.0260306t2013||||xx |||||||||||||| ||spa|| aESP a343.2bC16 aCairo Roldán, OmareAUT 0aEl principio constitucional de legalidad:by su aplicación en el derecho administrativo c2013 a230 páginas :c24 cm. aGEN aCDE